Top 10 meilleurs buteurs de l'Equipe de France - Statistiques

Statistiques générales
  • Ce quiz a été pris 29 fois
  • Le résultat moyen est 8 sur 10
Statistiques - réponses
Classement NB Sélection NB Buts Réponse % Correct
2 94 55 Kylian Mbappé
100%
1 137 57 Olivier Giroud
100%
8 108 31 Zinédine Zidane
96%
3 123 51 Thierry Henry
92%
4 137 44 Antoine Griezmann
88%
5 72 41 Michel Platini
75%
6 97 37 Karim Benzema
71%
10 54 30 Jean-Pierre Papin
63%
7 71 34 David Trezeguet
54%
9 21 30 Just Fontaine
50%
Aucun quiz correspondant
Distribution des résultats
% des personnes avec chaque résultat
Percentile par nombre de réponses
Votre historique - résultats
Vous n’avez pas pris ce quiz